00326nam a2200121Ia 4500003000400000008004100004020002500045040000800070100002700078245004900105260004000154300001000194LDD181101s9999 xx 000 0 und d a9788175876262c73.00 cLDD aSiddiqi, Rasheed Ahmad 0aTanziyat wa muzhikaatcRasheed Ahmad Siddiqi aNew DelhibMaktaba Jamia Ltd.c2011 a187p.